000 01136njm a22003017a 4500
005 20100922140657.0
007 sd ammalaaahaa
008 100913t xxu||||| |||| 00| 0 hin d
028 _aSHFLP-1/1463
_bSUPER; T-Series
035 _aGR-07817
040 _aSED
_cSED
100 _aBarot, Chandra
_91184
245 _aPyar bhara dil /
_cby Chandra Barot ; produced by Anis ; lyrics by Yogesh ; music by Nikhil [and] Vinay
_h[sound recording] :
260 _aDum Dum India
_bSUPER; T-Series
_c1991
300 _a1 sound disc [Gramophone record] :
_banalog, 33 1/3 rpm
_c12.5 in. (LP)
_fGramophone Record
500 _aBrief Record
500 _aRecord label :SUPER; T-Series, Red
505 _aSide-1 (Banke kitab teri) (Anuradha Paudwal) Side-2 (Karo yeh sanam aaj vada) (Anuradha Paudwal)
600 _aBarot, Chandra
_919992
650 _aHind Film songs
_xExcerpts
_zIndia
_921058
650 _921096
700 _921075
_aAnis
700 _aYogesh
_921124
700 _aNikhil
_921125
700 _aVinay
_921129
942 _2ddc
_cGR
999 _c47492
_d47492